Online
Catalog

La Mujer en Puerto Rico : (Record no. 14114)

MARC details
000 -CABECERA
campo de control de longitud fija 00871cam a2200253 a 4500
001 - NÚMERO DE CONTROL
campo de control 000014526
005 - FECHA Y HORA DE LA ÚLTIMA TRANSACCIÓN
campo de control 20200929163850.0
008 - DATOS DE LONGITUD FIJA--INFORMACIÓN GENERAL
campo de control de longitud fija 931029s1987 pr a b 000 0 spa d
020 ## - NÚMERO INTERNACIONAL ESTÁNDAR DEL LIBRO
Número Internacional Estándar del Libro 0940238918
035 ## - NÚMERO DE CONTROL DEL SISTEMA
Número de control de sistema (DLC) 87082377
035 ## - NÚMERO DE CONTROL DEL SISTEMA
Número de control de sistema (OCoLC)17686904
040 ## - FUENTE DE LA CATALOGACIÓN
Centro catalogador/agencia de origen DO-SdBNP
Lengua de catalogación spa
Centro/agencia transcriptor BNPHU
Centro/agencia modificador DLC
082 ## - NÚMERO DE LA CLASIFICACIÓN DECIMAL DEWEY
Número de clasificación 305.47295
Número de documento/Ítem M953p
245 03 - MENCIÓN DE TÍTULO
Título La Mujer en Puerto Rico :
Resto del título ensayos de investigación /
Mención de responsabilidad, etc. edición Yamila Azize Vargas.
260 ## - PUBLICACIÓN, DISTRIBUCIÓN, ETC.
Lugar de publicación, distribución, etc. Rio Piedras, Puerto Rico :
Nombre del editor, distribuidor, etc. Huracán,
Fecha de publicación, distribución, etc. 1987.
300 ## - DESCRIPCIÓN FÍSICA
Extensión 238 p. :
Otras características físicas il. ;
Dimensiones 20 cm.
490 1# - MENCIÓN DE SERIE
Mención de serie Huracán academia
504 ## - NOTA DE BIBLIOGRAFÍA, ETC.
Nota de bibliografía, etc. Incluye referencias bibliográficas y notas al pie de las páginas.
650 #4 - PUNTO DE ACCESO ADICIONAL DE MATERIA--TÉRMINO DE MATERIA
Término de materia o nombre geográfico como elemento de entrada Mujeres
Subdivisión geográfica Puerto Rico
9 (RLIN) 32866
650 #4 - PUNTO DE ACCESO ADICIONAL DE MATERIA--TÉRMINO DE MATERIA
Término de materia o nombre geográfico como elemento de entrada Feminismo
Subdivisión geográfica Puerto Rico
9 (RLIN) 32867
700 1# - PUNTO DE ACCESO ADICIONAL--NOMBRE DE PERSONA
Nombre de persona Azize Vargas, Yamila,
Término indicativo de función/relación ed.
9 (RLIN) 32868
830 #0 - PUNTO DE ACCESO ADICIONAL DE SERIE-TÍTULO UNIFORME
Título uniforme Huracán academia
9 (RLIN) 16161
910 ## - DATOS DE OPCIÓN DEL USUARIO (OCLC)
Datos de opción del usuario Catalogación por copia / LC
Holdings
Estado de retiro Estado de pérdida Restricciones de uso No para préstamo Código de colección Localización permanente Ubicación/localización actual Ubicación en estantería Fecha de adquisición Número de inventario Total de préstamos Signatura topográfica completa Código de barras Fecha visto por última vez Precio válido a partir de Tipo de ítem Koha
      Excluido de préstamo Monografías: Libros y Folletos General General En catalogación 13.01.2010 LF1   305.47295 M953p 14526-10 25.06.2020 25.06.2020 No se presta

Powered by Koha